Normal view
MARC view
- Supervisor: Ms. Joveria Hassan
Entry Personal Name
001 - CONTROL NUMBER
- control field: 118447
003 - CONTROL NUMBER IDENTIFIER
- control field: NUST
005 - DATE AND TIME OF LATEST TRANSACTION
- control field: 20231010094709.0
008 - FIXED-LENGTH DATA ELEMENTS
- fixed length control field: 231010|| aca||aabn | a|a d
040 ## - CATALOGING SOURCE
- Original cataloging agency: NUST
- Transcribing agency: NUST
100 ## - HEADING--PERSONAL NAME
- Personal name: Supervisor: Ms. Joveria Hassan
670 ## - SOURCE DATA FOUND
- Source citation: Work cat.: (NUST): Ahmed, Ali 34806, Exploring the rank awareness of Pakistani Khawaja Sara Community:
